000 00780cab a22002055a 4500
001 L154559
008 111222e20111118xxk 000 0 eng d
035 _a(Sirsi) u154559
041 0 _aeng
100 1 _aHurst, Will
245 0 0 _aFirst4ADR.com
_bwho are you?
260 _c2011
490 _aBuilding
_v276 (8708) 12 December 2011, 22-23(2)
520 _aExamines the promotional website for adjudicators' and arbitrators' services which is now the subject of an independent enquiry linked to two senior RICS staff.
590 _aKA
651 4 _aInternational
690 _aBUILT ENVIRONMENT-CONSTRUCTION MANAGEMENT-BUILDING CONTRACT ADMINISTRATION
690 _aMANAGEMENT-DISPUTE AVOIDANCE, MANAGEMENT AND RESOLUTION-DISPUTE MANAGEMENT AND RESOLUTION
942 _n0
999 _c83665
_d83665